000
00222nam a2200097Ia 4500
008
230508s1990 xx 000 0 und d
041
_a
eng
100
_a
GORDON & FORD.
245
_a
THE CHEMISTS COMPANION.
260
_c
1990
999
_c
710746
_d
710746